<?xml version="1.0" encoding="UTF-8"?>
<record
    xmlns:xsi="http://www.w3.org/2001/XMLSchema-instance"
    xsi:schemaLocation="http://www.loc.gov/MARC21/slim http://www.loc.gov/standards/marcxml/schema/MARC21slim.xsd"
    xmlns="http://www.loc.gov/MARC21/slim">

  <leader>00946nam a22002297a 4500</leader>
  <controlfield tag="005">20170515164237.0</controlfield>
  <datafield tag="010" ind1=" " ind2=" ">
    <subfield code="a">ENG-118154-157</subfield>
  </datafield>
  <datafield tag="020" ind1=" " ind2=" ">
    <subfield code="c">7500.00 (Set of 4 Vols)</subfield>
    <subfield code="a">9789350358863 (4 vols)</subfield>
  </datafield>
  <datafield tag="035" ind1=" " ind2=" ">
    <subfield code="a">EN-101686-689</subfield>
  </datafield>
  <datafield tag="037" ind1=" " ind2=" ">
    <subfield code="b">DBAD/PUB</subfield>
  </datafield>
  <datafield tag="082" ind1=" " ind2=" ">
    <subfield code="a">349.5403</subfield>
  </datafield>
  <datafield tag="100" ind1=" " ind2=" ">
    <subfield code="a">Aiyar, P. Ramanatha</subfield>
  </datafield>
  <datafield tag="245" ind1="0" ind2="0">
    <subfield code="a">Advanced law lexicon :</subfield>
    <subfield code="c">by P Ramanatha Aiyar ; Shakil Ahmad Khan</subfield>
    <subfield code="b">the encyclopaedic law dictionray with words and phrases, legal maxims and latin terms /</subfield>
  </datafield>
  <datafield tag="246" ind1=" " ind2=" ">
    <subfield code="a">P Ramanatha Aiyar's Advanced law lexicon</subfield>
  </datafield>
  <datafield tag="250" ind1=" " ind2=" ">
    <subfield code="a">5th ed</subfield>
  </datafield>
  <datafield tag="260" ind1=" " ind2=" ">
    <subfield code="a">Gurgaon</subfield>
    <subfield code="b">Lexis Nexis</subfield>
    <subfield code="c">2017</subfield>
  </datafield>
  <datafield tag="270" ind1=" " ind2=" ">
    <subfield code="a">14th Floor, Bldg. No.10, Tower-B, DLF Cyber City, Phase-II</subfield>
    <subfield code="b">Gurgaon</subfield>
    <subfield code="e">122002</subfield>
  </datafield>
  <datafield tag="300" ind1=" " ind2=" ">
    <subfield code="a">4 vols (xcv,1288p.; xcv,1289-2734p.; xcv,2735-4259p.; xcv,4260-5571p.)</subfield>
    <subfield code="c">24cm(Hb)</subfield>
  </datafield>
  <datafield tag="500" ind1=" " ind2=" ">
    <subfield code="a">Includes bibliographical references</subfield>
  </datafield>
  <datafield tag="505" ind1=" " ind2=" ">
    <subfield code="a">v.1--A-C. v.2--D-I. v.3--J-P. v.4--Q-Z</subfield>
  </datafield>
  <datafield tag="942" ind1=" " ind2=" ">
    <subfield code="2">ddc</subfield>
    <subfield code="c">EN</subfield>
    <subfield code="m">AIY</subfield>
    <subfield code="h">349.5403</subfield>
  </datafield>
  <datafield tag="999" ind1=" " ind2=" ">
    <subfield code="c">139883</subfield>
    <subfield code="d">139883</subfield>
  </datafield>
  <datafield tag="952" ind1=" " ind2=" ">
    <subfield code="0">0</subfield>
    <subfield code="1">0</subfield>
    <subfield code="3">v.1</subfield>
    <subfield code="4">0</subfield>
    <subfield code="7">1</subfield>
    <subfield code="8">NFIC</subfield>
    <subfield code="a">DBAD</subfield>
    <subfield code="b">BN</subfield>
    <subfield code="d">2017-05-15</subfield>
    <subfield code="e">DBAD/PUB</subfield>
    <subfield code="g">7500.00</subfield>
    <subfield code="l">0</subfield>
    <subfield code="o">349.5403 AIY</subfield>
    <subfield code="p">EN-101686</subfield>
    <subfield code="r">2017-05-15 00:00:00</subfield>
    <subfield code="t">1</subfield>
    <subfield code="v">7500.00</subfield>
    <subfield code="y">EN</subfield>
  </datafield>
  <datafield tag="952" ind1=" " ind2=" ">
    <subfield code="0">0</subfield>
    <subfield code="1">0</subfield>
    <subfield code="3">v.2</subfield>
    <subfield code="4">0</subfield>
    <subfield code="7">1</subfield>
    <subfield code="8">NFIC</subfield>
    <subfield code="a">DBAD</subfield>
    <subfield code="b">BN</subfield>
    <subfield code="d">2017-05-15</subfield>
    <subfield code="e">DBAD/PUB</subfield>
    <subfield code="g">7500.00</subfield>
    <subfield code="l">0</subfield>
    <subfield code="o">349.5403 AIY</subfield>
    <subfield code="p">EN-101687</subfield>
    <subfield code="r">2017-05-15 00:00:00</subfield>
    <subfield code="t">1</subfield>
    <subfield code="v">7500.00</subfield>
    <subfield code="y">EN</subfield>
  </datafield>
  <datafield tag="952" ind1=" " ind2=" ">
    <subfield code="0">0</subfield>
    <subfield code="1">0</subfield>
    <subfield code="3">v.3</subfield>
    <subfield code="4">0</subfield>
    <subfield code="7">1</subfield>
    <subfield code="8">NFIC</subfield>
    <subfield code="a">DBAD</subfield>
    <subfield code="b">BN</subfield>
    <subfield code="d">2017-05-15</subfield>
    <subfield code="e">DBAD/PUB</subfield>
    <subfield code="g">7500.00</subfield>
    <subfield code="l">0</subfield>
    <subfield code="o">349.5403 AIY</subfield>
    <subfield code="p">EN-101688</subfield>
    <subfield code="r">2017-05-15 00:00:00</subfield>
    <subfield code="t">1</subfield>
    <subfield code="v">7500.00</subfield>
    <subfield code="y">EN</subfield>
  </datafield>
  <datafield tag="952" ind1=" " ind2=" ">
    <subfield code="0">0</subfield>
    <subfield code="1">0</subfield>
    <subfield code="3">v.4</subfield>
    <subfield code="4">0</subfield>
    <subfield code="7">1</subfield>
    <subfield code="8">NFIC</subfield>
    <subfield code="a">DBAD</subfield>
    <subfield code="b">BN</subfield>
    <subfield code="d">2017-05-15</subfield>
    <subfield code="e">DBAD/PUB</subfield>
    <subfield code="g">7500.00</subfield>
    <subfield code="l">0</subfield>
    <subfield code="o">349.5403 AIY</subfield>
    <subfield code="p">EN-101689</subfield>
    <subfield code="r">2017-05-15 00:00:00</subfield>
    <subfield code="t">1</subfield>
    <subfield code="v">7500.00</subfield>
    <subfield code="y">EN</subfield>
  </datafield>
</record>
